000
00323 a2200157 4500
001
160343
020
_a
040
_c
Magnum
100
_a
Oliveira, Rui de
240
1
0
_a
Justino, o retirante
_l
por
245
1
0
_a
Justino, o retirante
300
_a
95
362
0
_a
1987
697
_a
LITERATURA JUVENIL
942
_c
BK
999
_c
160343
_d
160343